The effect of organic fertilizer on the growth and survival of oreochromis niloticus cyprinus carpio and puntius gonionotus in polyculture, ឥទ្ធិពលនៃជីសរីរាង្គទៅលើការលូតលាស់ និងអត្រារស់របស់ត្រីទីឡាព្យា ត្រីកាបសាមញ្ញ និងត្រីឆ្ពិន នៅក្នុងការចិញ្ចឹមត្រីចំរុះ (Record no. 3654)

000 -LEADER
fixed length control field 00868nam a22001577a 4500
003 - CONTROL NUMBER IDENTIFIER
control field OSt
005 - DATE AND TIME OF LATEST TRANSACTION
control field 20151119135333.0
008 - FIXED-LENGTH DATA ELEMENTS--GENERAL INFORMATION
fixed length control field 151119b xxu||||| |||| 00| 0 eng d
040 ## - CATALOGING SOURCE
Transcribing agency RUA
082 ## - DEWEY DECIMAL CLASSIFICATION NUMBER
Classification number FIS ប៊ុន​ 1995 B160 Or.1
100 ## - MAIN ENTRY--PERSONAL NAME
9 (RLIN) 3929
Personal name ប៊ុន ហៃ ឆេង
245 ## - TITLE STATEMENT
Title The effect of organic fertilizer on the growth and survival of oreochromis niloticus cyprinus carpio and puntius gonionotus in polyculture, ឥទ្ធិពលនៃជីសរីរាង្គទៅលើការលូតលាស់ និងអត្រារស់របស់ត្រីទីឡាព្យា ត្រីកាបសាមញ្ញ និងត្រីឆ្ពិន នៅក្នុងការចិញ្ចឹមត្រីចំរុះ
260 ## - PUBLICATION, DISTRIBUTION, ETC. (IMPRINT)
Place of publication, distribution, etc. Phnpm Penh
Name of publisher, distributor, etc. RUA
Date of publication, distribution, etc. 1995
300 ## - PHYSICAL DESCRIPTION
Extent 89p.
Other physical details ill.
Dimensions 29cm.
942 ## - ADDED ENTRY ELEMENTS (KOHA)
Source of classification or shelving scheme
Koha item type FIS
Holdings
Price effective from Date last seen Permanent Location Not for loan Date acquired Source of classification or shelving scheme Koha item type Barcode Lost status Damaged status Withdrawn status Current Location Full call number
2015-11-192015-11-19Library Block B 2015-11-19 FISRUA011730   Library Block BFIS ប៊ុន​ 1995 B160 Or.1
2015-11-192015-11-19Library Block B 2015-11-19 FISRUA011803   Library Block BFIS ប៊ុន​ 1995 B160 Or.2
2015-11-192015-11-19Library Block B 2015-11-19 FISRUA011514   Library Block BFIS ប៊ុន​ 1995 B160 Or.3
2015-11-192015-11-19Library Block B 2015-11-19 FISRUA011731   Library Block BFIS ប៊ុន​ 1995 B160 Or.4
មជ្ឈមណ្ឌលឯការនៃសាកលវិទ្យាល័យភូមិន្ទកសិកម្មចំការដូង

Powered by Koha